| 000 | 00333nam a2200109Ia 4500 | ||
|---|---|---|---|
| 008 | 220216s9999 xx 000 0 und d | ||
| 100 | _aKuriakose B | ||
| 245 | 0 | _aCarbon blacks | |
| 260 |
_bLecture Notes of the Refresher Course for small scale latex goods manufacturers. Kottayam, RRII, 1979 _c1979 |
||
| 300 | _a126-131 | ||
| 942 | _cJS | ||
| 999 |
_c55132 _d55132 |
||